[Event "Stay Safe Play From Home 340"]
[Site "Emanuel Lasker Arena"]
[Date "2020.07.29"]
[Round "2"]
[White "Trotsky"]
[Black "Little champs"]
[Result "0-1"]
[WhiteElo "1575"]
[BlackElo "2199"]
[Annotator "TA"]
[PlyCount "52"]
[EventDate "2020.07.29"]
[EventType "swiss (blitz)"]

{[%evp 12,52,25,20,33,18,18,0,39,22,48,8,19,14,88,16,70,-47,-33,-953,-944,-1095,-1025,-1060,-1060,-1455,-1296,-2606,-2531,-3000,-2295,-6220,-5639,-29990,-29991,-29998,-29993,-29995,-1875,-29989,-29989,-29991,-29992]} 1. d4 Nf6 2. e3 e6 3. c4 d5 4. Nc3 dxc4 5. Bxc4 c5 6. Nf3 cxd4 7. exd4 Be7 {D26: Queen's Gambit Accepted: 4 e3 e6 5 Bxc5 c5 sidelines.} 8. Be3 O-O {[#]} 9. Qc2 $146 ({Predecessor:} 9. O-O Nbd7 10. Re1 Nb6 11. Bb3 Bd7 12. Ne5 Bc6 13. Nxc6 bxc6 14. Bf4 Rc8 15. Rc1 Nfd5 16. Be5 Nd7 17. Bg3 {1-0 (56) Ghaem Maghami,E (2569)-Mozharov,M (2530) Urmia 2016}) 9... Ng4 {The position is equal.} 10. Bd3 f5 11. O-O-O Nc6 12. a3 Qa5 (12... Kh8 $11 {keeps the balance.}) 13. h4 (13. Rhe1 $16) 13... a6 (13... Bd7 $11) 14. Ng5 (14. d5 $14 Nxe3 15. fxe3 exd5 {[#]} 16. Nxd5 $1 {[%mdl 512]}) 14... b5 $15 {[%cal Bb7b5,Bb5b4,Bb4a3][%mdl 32] aiming for ...b4.} 15. f3 $2 {[%mdl 8192] Now White is beyond hope.} (15. Nce4 $15 Qc7 16. Nc5) 15... Nxe3 $19 16. Qb1 Nxd1 17. Kxd1 b4 18. Nce4 fxe4 19. fxe4 bxa3 20. e5 Qa4+ 21. Ke1 Qxd4 22. Bxh7+ {[#]} Kh8 $1 23. Bg8 Qxe5+ 24. Kd1 Qf5 (24... Rd8+ $142 25. Kc2 Qc5+ 26. Kb3 Qd5+ {[%mdl 64] Double Attack} 27. Kc3 Bf6+ 28. Kc2 Qc4#) 25. Ne4 Kxg8 26. Qd3 {[#]} Rd8 $1 {Accuracy: White = 33%, Black = 53%.} 0-1

[Event "Stay Safe Play From Home 340"]
[Site "Emanuel Lasker Arena"]
[Date "2020.07.29"]
[Round "2"]
[White "Mamba2001de"]
[Black "Padmaesh M K"]
[Result "0-1"]
[WhiteElo "1455"]
[BlackElo "1710"]
[Annotator "NA"]
[PlyCount "44"]
[EventDate "2020.07.29"]
[EventType "swiss (blitz)"]

1. e4 {[%emt 0:00:01]} e5 {[%emt 0:00:02]} 2. Nf3 {[%emt 0:00:01]} Nc6 {[%emt 0:00:00]} 3. c3 {[%emt 0:00:01]} Bc5 {[%emt 0:00:02]} 4. d4 {[%emt 0:00:01]} exd4 {[%emt 0:00:00]} 5. cxd4 {[%emt 0:00:01]} Bb4+ {[%emt 0:00:00]} 6. Bd2 {[%emt 0:00:01]} d5 {[%emt 0:00:01]} 7. Nc3 {[%emt 0:00:01]} dxe4 {[%emt 0:00:02]} 8. Nxe4 {[%emt 0:00:01]} Bxd2+ {[%emt 0:00:00]} 9. Qxd2 {[%emt 0:00:02]} Nf6 {[%emt 0:00:00]} 10. Nxf6+ {[%emt 0:00:01]} Qxf6 {[%emt 0:00:00]} 11. Bb5 {[%emt 0:00:03]} O-O {[%emt 0:00:01]} 12. O-O {[%emt 0:00:02]} Bg4 {[%emt 0:00:07]} 13. Bxc6 {[%emt 0:00:00]} Qxc6 {[%emt 0:00:01]} 14. Ne5 {[%emt 0:00:01]} Qe6 {[%emt 0:00:03]} 15. h3 {[%emt 0:00:02]} Bf5 {[%emt 0:00:02]} 16. Rfe1 {[%emt 0:00:01]} Rfe8 {[%emt 0:00:02]} 17. Rac1 {[%emt 0:00:03]} c6 {[%emt 0:00:01]} 18. Nf3 {[%emt 0:00:02]} Qg6 {[%emt 0:00:01]} 19. Rxe8+ {[%emt 0:00:01]} Rxe8 {[%emt 0:00:02]} 20. Kf1 {[%emt 0:00:01]} Bd3+ {[%emt 0:00:01]} 21. Kg1 {[%emt 0:00:02]} Be4 {[%emt 0:00:00]} 22. Ne5 {[%emt 0:00:01]} Qxg2# {[%emt 0:00:01] (Lag: Av=0.44s, max=0.9s)} 0-1

[Event "Stay Safe Play From Home 340"]
[Site "Emanuel Lasker Arena"]
[Date "2020.07.29"]
[Round "2"]
[White "Klasman"]
[Black "Lazieri3"]
[Result "0-1"]
[WhiteElo "1323"]
[BlackElo "2127"]
[Annotator "TA"]
[PlyCount "48"]
[EventDate "2020.07.29"]
[EventType "swiss (blitz)"]

{[%evp 9,48,-50,2,-61,-33,-38,-16,-18,0,0,0,0,0,0,21,15,22,0,25,-20,75,-36,-40,-95,-74,-75,-83,-89,14,-58,-61,-63,-47,-68,-64,-57,-40,-282,-283,-269,-14]} 1. f4 c6 2. e4 d5 3. e5 Bf5 4. Nf3 e6 5. c4 h6 {[#]} ({Black should play} 5... dxc4 $15 6. Bxc4 Bg4) 6. Qb3 $146 {B10: Caro-Kann: 2 d3 and 2 c4.} (6. d4 $11) ({Predecessor:} 6. d4 Bxb1 7. Rxb1 Qa5+ 8. Bd2 Bb4 9. a3 Bxd2+ 10. Qxd2 Qxd2+ 11. Nxd2 Ne7 12. Bd3 {1-0 (54) Slehofer,M-Mejzlik,J Klatovy 1999}) 6... Qb6 7. Nc3 Qxb3 8. axb3 {The position is equal.} dxc4 9. bxc4 Na6 10. d4 Nb4 {Threatens to win with ...Nc2+.} 11. Kf2 a6 12. h3 O-O-O 13. g4 Bh7 14. Ra4 Nc2 {[#]} (14... Bc2 $11) 15. Be2 (15. c5 $1 $16) 15... Nxd4 $15 16. Rd1 (16. Nxd4 $15 Bc5 17. Be3 Bxd4 18. Bxd4 Rxd4 19. Ke3) 16... Nxe2 17. Rxd8+ Kxd8 18. Kxe2 Bc5 ({Better is} 18... Ne7 $17 19. b3 Nc8) 19. Be3 ({White should try} 19. b4 $1 $11 Bb6 20. b5 cxb5 21. cxb5) 19... Bxe3 20. Kxe3 Ne7 21. Nd4 Kc7 22. b4 Rd8 23. b5 $2 {[#]} (23. Ra1 $15) 23... axb5 $1 $19 24. cxb5 Nd5+ $2 {[%mdl 32768] Accuracy: White = 44%, Black = 65%. . Loss on time!?} (24... c5 $19 25. Nde2 Kb6) 0-1

[Event "Stay Safe Play From Home 340"]
[Site "Emanuel Lasker Arena"]
[Date "2020.07.29"]
[Round "3"]
[White "Mepe_Nika"]
[Black "Lamborghini"]
[Result "1-0"]
[WhiteElo "2450"]
[BlackElo "2269"]
[Annotator "TA"]
[PlyCount "137"]
[EventDate "2020.07.29"]
[EventType "swiss (blitz)"]

{[%evp 19,136,14,14,-82,-68,-59,0,0,29,21,32,21,28,0,-1,-102,-39,-40,-59,-145,-130,-169,-162,-161,-169,-221,-167,-261,-269,-265,-232,-249,-166,-166,-166,-166,-166,-301,-318,-384,-275,-281,-264,-298,-301,-312,-311,-355,-333,-308,-289,-385,-379,-365,-360,-322,-244,-673,-673,-654,-647,-673,-652,-795,-766,-5214,-547,-660,-639,-615,-401,-572,0,-577,29,29,32,12,30,-13,8,8,363,56,53,40,295,288,29988,29988,29991,29988,29993,29987,29992,29989,29988,29989,29993,29994,29996,29994,29994,29995,29995,29996,29996,29995,29995,29996,29996,29997,29997,29998,29998,29998,29998,29999,29999]} 1. d4 Nf6 2. Bf4 g6 3. e3 Bg7 4. Nf3 O-O 5. h3 d6 6. Be2 Nbd7 7. O-O c5 8. c3 b6 9. a4 a6 10. Nbd2 Bb7 11. b4 {A48: 1 d4 Nf6 2 Nf3 g6: Torre, London and Colle Systems.} (11. Re1 $11 {keeps the balance.}) 11... cxb4 12. cxb4 {[#]} Rc8 $146 (12... Nd5 $15) ({Predecessor:} 12... Nd5 13. Qb3 Nxf4 14. exf4 Rc8 15. Rac1 Nf6 16. Bc4 Qd7 17. Ng5 d5 18. Bd3 Rc7 {0-1 (46) Tuchtfeld,J (1957)-Hahn,F (2145) Wiesbaden 2016}) 13. Qb3 $11 {The position is equal.} Rc7 (13... Nd5 {is interesting.} 14. Bg3 Rc3 15. Qb2 Qc7 16. e4 Rc2) 14. Rac1 Qb8 15. Rxc7 Qxc7 16. Qb2 Rc8 17. Nb3 (17. Bc4 $11) 17... Qc3 (17... Nd5 $17 18. Rc1 Qd8) 18. Qxc3 $15 Rxc3 19. Rb1 (19. Nfd2 $15) 19... Nd5 $1 $17 20. b5 Nxf4 21. exf4 a5 22. Nbd2 (22. Nfd2 $142) 22... Nf6 23. Nc4 (23. Kf1 $142) 23... Bxf3 $19 24. gxf3 Nd7 25. Ne3 e6 {aiming for ...d5.} 26. d5 Bd4 $1 27. dxe6 fxe6 28. Ng4 (28. Rd1 $142 Bc5 29. Rd3 Rc1+ 30. Rd1 Rxd1+ 31. Bxd1) 28... h5 29. Nh2 Nc5 30. Rd1 e5 31. Nf1 Nxa4 32. fxe5 dxe5 33. Ne3 Bxe3 34. fxe3 {[%mdl 4096] Endgame KRB-KRN} Nc5 ({But not} 34... Rxe3 35. Rd8+ Kf7 36. Kf2 $19) 35. Kf2 a4 36. Rd8+ Kf7 37. Ra8 a3 38. f4 $2 (38. Ke1 Rc1+ 39. Kf2) 38... exf4 39. exf4 Kf6 40. h4 Kf5 41. Ke1 Kxf4 42. Kd2 Rh3 (42... Ne4+ $142 43. Ke1 Rc1+ 44. Bd1 {[#]} a2 $1 {[%mdl 512]} 45. Rxa2 Rxd1+ $1 {[%mdl 576] Decoy} 46. Kxd1 Nc3+ {[%mdl 64] Double Attack} 47. Kc2 Nxa2) 43. Bd1 Ne4+ 44. Kc1 Rc3+ 45. Kb1 (45. Bc2 $142) 45... Rh3 $2 ({Black should play} 45... Rg3 $19 46. Kc1 g5 47. Rf8+ Ke5 48. Re8+ Kd4 49. hxg5 h4 50. Rd8+ Kc5) 46. Bc2 $2 {[%mdl 8192]} (46. Kc1 $1 $11 Rxh4 47. Rxa3) 46... Ke5 $2 (46... Nc3+ $19 47. Kc1 Rh1+ 48. Kd2 Nxb5 49. Ra4+ Kg3) 47. Re8+ $11 Kd4 {White must now prevent ...Nc3+.} 48. Rxe4+ $14 {KRB-KR} Kc3 49. Re1 Kb4 50. Bxg6 {White wants to play Re4+.} Kc3 $2 {[%mdl 8192]} (50... Rxh4 $11 51. Be8 Rd4) 51. Bxh5 $2 (51. Re4 $18) 51... Rxh4 52. Be8 Rb4+ $2 {[%mdl 8192] Black is on the road to losing.} (52... Rh2 $14) 53. Ka2 $18 Rxb5 $2 (53... Ra4 $18 54. Re3+ Kb4) 54. Bxb5 {White mates.} Kb4 55. Be8 Ka5 56. Re3 b5 57. Rxa3+ Kb4 58. Rb3+ Ka5 59. Rxb5+ Ka4 60. Rb3+ Ka5 61. Kb2 Ka6 62. Kc3 Ka5 63. Rb4 Ka6 64. Kc4 Ka7 65. Kc5 Ka6 66. Bc6 {[%cal Rb4a4]} Ka7 67. Kd6 Ka6 68. Kc7 {[%cal Rb4a4]} Ka5 69. Ra4# {Accuracy: White = 32%, Black = 45%.} 1-0

[Event "Stay Safe Play From Home 340"]
[Site "Emanuel Lasker Arena"]
[Date "2020.07.29"]
[Round "3"]
[White "Little champs"]
[Black "Stefanone"]
[Result "1-0"]
[WhiteElo "2200"]
[BlackElo "2059"]
[Annotator "TA"]
[PlyCount "69"]
[EventDate "2020.07.29"]
[EventType "swiss (blitz)"]

{[%evp 13,69,2,9,0,0,-18,0,-25,29,29,113,-6,-6,0,0,0,0,-4,80,75,75,20,8,-6,23,14,28,0,0,1,118,119,129,85,154,150,197,185,229,200,318,322,373,302,859,847,1417,740,716,334,930,922,29989,29990,29991,29990,29992,29992]} 1. d4 d6 2. e4 Nd7 3. Nc3 e5 4. dxe5 dxe5 5. Nf3 Ngf6 6. Bc4 Be7 7. O-O O-O 8. a3 {C41: Philidor Defence.} c6 9. Qe2 Qc7 10. Rd1 {The position is equal.} Nb6 (10... b5 $142 11. Ba2 a5) 11. Ba2 $11 {[#]} Be6 $146 (11... Nbd7 $11) ({Predecessor:} 11... Bg4 12. Be3 Nbd7 13. h3 Bh5 14. Rd2 b5 15. Rad1 Rfd8 16. Bg5 a5 17. g4 Bg6 {0-1 (35) Kacincova,J (2085)-Klemanic,E (2220) Slovakia 1995}) 12. Bg5 ({Only move:} 12. Bxe6 $16 fxe6 13. Ng5) 12... Bxa2 13. Rxa2 Rad8 14. Raa1 h6 15. Bh4 c5 (15... Nbd7 $11 {remains equal.}) 16. Bxf6 $16 Bxf6 17. Nd5 (17. Rxd8 $16 Rxd8 18. a4) 17... Nxd5 $11 18. exd5 Qd6 19. c4 $36 {[%mdl 2048] White fights for an advantage.} Rfe8 20. Nd2 e4 $1 21. Nxe4 Qe5 (21... Bxb2 $1 $11 22. Rab1 (22. Qxb2 Rxe4 23. Qxb7 Rxc4 $11) 22... Qf4 23. Qxb2 Rxe4) 22. Nxf6+ $16 Qxf6 23. Qd2 Re5 (23... Re4 $142) 24. Re1 Rf5 25. Re2 Rf8 26. Rae1 Qg6 (26... Rf4 {was necessary.} 27. b3 Rd4) 27. Re7 $18 Rf3 28. g3 Qf6 $2 (28... Rd3 29. Qe2 Rb3) 29. d6 Rd8 30. d7 {[#] And now Re8+ would win.} Kh7 31. R1e2 (31. Re8 $142 {Black must now prevent Rxd8.} Rxd7 32. Qxd7) 31... Rf5 $2 (31... Rxf2 32. Qd3+ g6) 32. Re8 {Strongly threatening Rxd8.} g5 33. Rxd8 {White mates.} Qxd8 {[#]} 34. Qd3 $1 Qf6 35. d8=Q {Accuracy: White = 66%, Black = 25%.} 1-0

[Event "Stay Safe Play From Home 340"]
[Site "Emanuel Lasker Arena"]
[Date "2020.07.29"]
[Round "3"]
[White "Padmaesh M K"]
[Black "Lazieri3"]
[Result "0-1"]
[WhiteElo "1716"]
[BlackElo "2128"]
[Annotator "TA"]
[PlyCount "56"]
[EventDate "2020.07.29"]
[EventType "swiss (blitz)"]

{[%evp 15,55,13,18,7,31,32,37,42,84,8,29,-21,-23,-37,0,0,-4,-4,-6,-34,-50,-100,-94,-172,-159,-204,-154,-219,-216,-376,-371,-924,-328,-887,0,-2636,-410,-29998,-29990,-29998,-29999,-29999]} 1. d4 c6 2. c4 d5 3. Nc3 Nf6 4. cxd5 cxd5 5. Nf3 Nc6 6. Bf4 Bf5 7. e3 e6 8. Be2 Bd6 9. Ne5 {Nowadays more popular than 9.Bxd6. D14: Slav Defence: Exchange variation with ...Bf5.} Bxe5 10. Bxe5 Nxe5 11. dxe5 {[#] White is slightly better.} Ne4 $146 ({Predecessor:} 11... Nd7 12. Qd4 a6 13. O-O Qb6 14. g4 Qxd4 15. exd4 Bg6 16. f4 f5 17. h4 h5 {½-½ (36) Merario Alarcon,A (2412)-Muzychuk,A (2539) Caleta 2020}) 12. Bb5+ (12. Qa4+ $16 Kf8 13. O-O) 12... Kf8 $11 13. Nxe4 Bxe4 14. f3 Qa5+ (14... Bxf3 $5 15. Qxf3 Qa5+ {[%mdl 64] Double Attack} 16. Kf2 Qxb5 $15) 15. Qd2 Qxb5 16. fxe4 dxe4 17. Qd6+ Kg8 18. Rd1 h5 $36 {[%mdl 2048] Black is really pushing.} 19. Rd2 (19. a4 $17 Qxa4 20. O-O) 19... Kh7 20. Qe7 Rhf8 ({Much less strong is} 20... Qxe5 21. O-O $17) 21. h4 (21. Qh4 $17 {is a better defense.}) 21... Qxe5 $19 22. Rh3 $2 (22. O-O) 22... Rac8 23. Ke2 $2 (23. Qg5 Rc1+ 24. Kf2) 23... g6 $2 (23... Qb5+ 24. Kf2 Rc1 $1 {[%mdl 512]}) 24. Kf2 $2 (24. Rh1) 24... Rc1 $2 (24... Qf5+ $19 25. Kg3 Qf1) 25. Rg3 $2 {[%mdl 8192] [#]} (25. Qxf8 $11 Qf5+ 26. Kg3 Qe5+ 27. Kf2 Qf5+ 28. Kg3 Qe5+ 29. Kf2) 25... Kg8 (25... Qb5 $142 $1 {[%csl Gb5][%cal Rc1f1][%mdl 512]} 26. Rf3 exf3) 26. Rd7 (26. Rg5 $19 Qh2 27. Ke2) 26... Qf5+ {Black mates.} 27. Ke2 Qf1+ 28. Kd2 Qe1# {Accuracy: White = 22%, Black = 49%.} 0-1

[Event "Stay Safe Play From Home 340"]
[Site "Emanuel Lasker Arena"]
[Date "2020.07.29"]
[Round "3"]
[White "Edmatuag"]
[Black "Klasman"]
[Result "1-0"]
[WhiteElo "1698"]
[BlackElo "1323"]
[Annotator "NA RC"]
[PlyCount "43"]
[EventDate "2020.07.29"]
[EventType "swiss (blitz)"]

1. d3 {[%emt 0:00:02]} f5 {[%emt 0:00:01]} 2. c3 {[%emt 0:00:01]} e5 {[%emt 0:00:01]} 3. Nd2 {[%emt 0:00:00]} d5 {[%emt 0:00:01]} 4. Qc2 {[%emt 0:00:00]} c5 {[%emt 0:00:02]} 5. e4 {[%emt 0:00:01]} fxe4 {[%emt 0:00:02]} 6. dxe4 {[%emt 0:00:01]} d4 {[%emt 0:00:02]} 7. g3 {[%emt 0:00:02]} Nc6 {[%emt 0:00:02]} 8. a3 {[%emt 0:00:02]} Nf6 {[%emt 0:00:01]} 9. c4 {[%emt 0:00:02]} Bd6 {[%emt 0:00:01]} 10. Bd3 {[%emt 0:00:01]} Be6 {[%emt 0:00:02]} 11. Ne2 {[%emt 0:00:01]} O-O {[%emt 0:00:01]} 12. O-O {[%emt 0:00:02]} Bh3 {[%emt 0:00:02]} 13. Re1 {[%emt 0:00:01]} Ng4 {[%emt 0:00:03]} 14. Nf3 {[%emt 0:00:04]} Qf6 {[%emt 0:00:03]} 15. Nexd4 {[%emt 0:00:16]} cxd4 {[%emt 0:00:03]} 16. Ng5 {[%emt 0:00:01]} h6 {[%emt 0:00:08]} 17. Nxh3 {[%emt 0:00:01]} Ne7 {[%emt 0:00:07]} 18. f4 {[%emt 0:00:03]} Ng6 {[%emt 0:00:04]} 19. f5 {[%emt 0:00:02]} Ne7 {[%emt 0:00:08]} 20. Qe2 {[%emt 0:00:01]} h5 {[%emt 0:00:02]} 21. Nf2 {[%emt 0:00:02]} Nxf5 {[%emt 0:00:05]} 22. exf5 {[%emt 0:00:01] Time (Lag: Av=0.53s, max=0.9s)} 1-0

[Event "Stay Safe Play From Home 340"]
[Site "Emanuel Lasker Arena"]
[Date "2020.07.29"]
[Round "3"]
[White "Justwatch"]
[Black "SoulofWolf"]
[Result "1/2-1/2"]
[WhiteElo "1666"]
[BlackElo "2105"]
[Annotator "TA"]
[PlyCount "160"]
[EventDate "2020.07.29"]
[EventType "swiss (blitz)"]

{[%evp 9,160,-26,-16,-41,-14,-44,3,-48,-50,-61,-23,-470,-491,-458,-389,-408,-395,-445,-462,-508,-507,-487,-390,-391,-379,-364,0,-372,-324,-382,-382,-412,-418,-450,-395,-475,-468,-429,-429,-964,-952,-918,-699,-714,-512,-499,-504,-541,-475,-523,-523,-523,-523,-538,-538,-560,-491,-730,-510,-745,-744,-744,-706,-744,-741,-865,-591,-448,0,-862,-808,-1318,-1284,-1452,-1105,-1429,-1314,-2153,-2046,-1322,0,0,8,0,0,-8,-24,-568,29978,29979,29981,29982,29982,29983,29983,29984,29986,29985,29985,29986,29986,29986,29986,29987,29987,29987,29987,29985,29986,29986,29986,29987,29987,29988,29988,29987,29987,29988,29988,29989,29989,29990,29989,29989,29991,29990,29992,29992,29992,29993,29993,29994,29994,29995,29995,29995,29995,29995,29995,29995,29996,29995,29995,29995,29996,29996,29997,29997,29997,29996,29996,29995,29996]} 1. e4 c5 2. e5 Nc6 3. Nf3 d6 4. Bb5 Bd7 5. Bxc6 Bxc6 {[#]} 6. exd6 $146 {B31: Sicilian: 2...Nc6 3 Bb5 g6.} ({Predecessor:} 6. Qe2 e6 7. Qc4 Bxf3 8. gxf3 dxe5 9. Qb5+ Qd7 10. Qxd7+ Kxd7 11. b3 Ne7 12. h4 {0-1 (35) Feigl,B-Hentze,H DESC email 2003}) 6... exd6 7. O-O Be7 8. d3 (8. Re1 $11) 8... Nf6 $15 9. Bg5 h6 10. Re1 $2 {[%mdl 8192]} (10. Bxf6 $11 Bxf6 11. Re1+ Kd7 12. d4) 10... hxg5 $19 11. Nxg5 O-O 12. Nc3 Qd7 13. Qe2 Rae8 14. Qe3 {[#]} Qg4 $1 {[%csl Gc6][%cal Rg4g2]} 15. Qg3 Qxg3 16. hxg3 Nh5 17. Nf3 Nf6 $2 (17... f5 $19 {Threatens to win with ...Bf6.} 18. d4 Bf6 19. Rxe8 Rxe8) 18. Kf1 $2 {[%mdl 8192]} (18. Ng5 $1 $11 {and White stays safe.} d5 19. Nf3) 18... b5 19. a3 a5 20. Ne2 Nd5 21. Nf4 Nc7 22. Nh3 Bf6 23. Rxe8 Rxe8 ({Much less strong is} 23... Nxe8 24. c3 $19) 24. Re1 (24. c3 $142) 24... Rxe1+ 25. Kxe1 b4 26. axb4 axb4 27. b3 Nb5 28. Nf4 Na3 29. Kd2 Bc3+ 30. Kc1 f6 31. Ne2 Nb5 32. Nxc3 Nxc3 33. Kd2 (33. Nh4 $142 Ne2+ 34. Kb2) 33... Kf7 34. Nh4 g5 35. Nf5 Ke6 36. Ne3 f5 37. f3 Ke5 38. Nc4+ Ke6 (38... Kd5 $142 39. g4 f4 40. Nb6+ Ke6) 39. Ne3 $1 d5 40. g4 f4 41. Nf5 Ke5 42. Ng7 Bd7 43. Nh5 Be8 44. Ng7 Kf6 $2 ({Black should play} 44... Bg6 $19 45. Nh5 Nb5) 45. Nxe8+ $11 {[%mdl 4096] Endgame KN-KN} Ke6 46. Nc7+ Kd6 $1 {[%cal Rd6c7]} 47. Na6 {And now d4! would win.} Nb5 48. c3 $2 {[%mdl 8192]} (48. Ke1 $11) 48... Nd4 $4 {[%mdl 8192]} (48... bxc3+ $19 49. Kc2 d4) 49. cxd4 {White mates.} cxd4 50. Nxb4 {KN-KP} Kc5 51. Nc2 Kb5 52. Nxd4+ {KN-K3P} Kc5 53. Ne6+ {[%mdl 64] Double Attack} Kd6 54. Nxg5 {KN-KPP} Ke5 55. Nf7+ Kf6 56. Nh6 Ke5 57. Nf5 Kf6 {[#]} 58. Ne3 $1 Ke5 {[#]} (58... fxe3+ 59. Kxe3) 59. Nxd5 $1 Kxd5 {KP-KP} 60. Kc3 Ke5 61. b4 Kd5 62. d4 Kd6 63. Kd3 Kd5 64. b5 Kd6 65. Ke4 Ke6 66. Kxf4 Kf6 67. Ke4 Kg6 68. d5 Kf6 69. b6 Ke7 70. b7 Kd6 71. b8=Q+ Kc5 72. Qe5 Kc4 73. f4 Kc5 74. f5 Kb6 75. g5 Kb7 76. g4 Kc8 77. g6 Kd7 78. f6 Kc8 79. g5 Kb7 80. Kf5 Ka6 {[%mdl 32768] Accuracy: White = 41%, Black = 56%. . An unexpected result.} 1/2-1/2

[Event "Stay Safe Play From Home 340"]
[Site "Emanuel Lasker Arena"]
[Date "2020.07.29"]
[Round "3"]
[White "Haris kollari 13"]
[Black "AChessPlayer"]
[Result "0-1"]
[WhiteElo "1644"]
[BlackElo "2326"]
[Annotator "NA"]
[PlyCount "84"]
[EventDate "2020.07.29"]
[EventType "swiss (blitz)"]

1. e4 {[%emt 0:00:01]} d6 {[%emt 0:00:01]} 2. f4 {[%emt 0:00:01]} Nf6 {[%emt 0:00:02]} 3. Nc3 {[%emt 0:00:04]} c5 {[%emt 0:00:01]} 4. Nf3 {[%emt 0:00:01]} Nc6 {[%emt 0:00:01]} 5. d4 {[%emt 0:00:01]} cxd4 {[%emt 0:00:01]} 6. Nxd4 {[%emt 0:00:01]} Bg4 {[%emt 0:00:02]} 7. Nf3 {[%emt 0:00:05]} a6 {[%emt 0:00:02]} 8. Be3 {[%emt 0:00:01]} Qa5 {[%emt 0:00:01]} 9. Qd2 {[%emt 0:00:02]} e5 {[%emt 0:00:03]} 10. fxe5 {[%emt 0:00:03]} dxe5 {[%emt 0:00:01]} 11. O-O-O {[%emt 0:00:02]} Bb4 {[%emt 0:00:01]} 12. Bc4 {[%emt 0:00:03]} Nxe4 {[%emt 0:00:01]} 13. Qd5 {[%emt 0:00:04]} Qxd5 {[%emt 0:00:02]} 14. Nxd5 {[%emt 0:00:02]} O-O {[%emt 0:00:01]} 15. Nxb4 {[%emt 0:00:05]} Nxb4 {[%emt 0:00:00]} 16. a3 {[%emt 0:00:01]} Nc6 {[%emt 0:00:02]} 17. Bd5 {[%emt 0:00:01]} Nf6 {[%emt 0:00:01]} 18. Bxc6 {[%emt 0:00:02]} bxc6 {[%emt 0:00:00]} 19. Rd6 {[%emt 0:00:02]} Bxf3 {[%emt 0:00:02]} 20. gxf3 {[%emt 0:00:01]} Nd5 {[%emt 0:00:00]} 21. Bc5 {[%emt 0:00:01]} Rac8 {[%emt 0:00:02]} 22. Rxd5 {[%emt 0:00:02]} cxd5 {[%emt 0:00:01]} 23. Bxf8 {[%emt 0:00:00]} Kxf8 {[%emt 0:00:00]} 24. Rd1 {[%emt 0:00:01]} d4 {[%emt 0:00:01]} 25. Kd2 {[%emt 0:00:01]} Ke7 {[%emt 0:00:00]} 26. Re1 {[%emt 0:00:01]} Kd6 {[%emt 0:00:01]} 27. Kd3 {[%emt 0:00:00]} Kd5 {[%emt 0:00:01]} 28. b3 {[%emt 0:00:01]} f6 {[%emt 0:00:01]} 29. Kd2 {[%emt 0:00:01]} f5 {[%emt 0:00:01]} 30. Rg1 {[%emt 0:00:01]} g6 {[%emt 0:00:00]} 31. h4 {[%emt 0:00:01]} Rc3 {[%emt 0:00:01]} 32. Rg5 {[%emt 0:00:02]} Rxf3 {[%emt 0:00:01]} 33. h5 {[%emt 0:00:00]} Ke4 {[%emt 0:00:01]} 34. hxg6 {[%emt 0:00:01]} hxg6 {[%emt 0:00:00]} 35. Rxg6 {[%emt 0:00:01]} Rf2+ {[%emt 0:00:00]} 36. Kc1 {[%emt 0:00:01]} Rh2 {[%emt 0:00:00]} 37. Rxa6 {[%emt 0:00:01]} f4 {[%emt 0:00:01]} 38. Rf6 {[%emt 0:00:01]} f3 {[%emt 0:00:00]} 39. a4 {[%emt 0:00:01]} Ke3 {[%emt 0:00:00]} 40. Kb2 {[%emt 0:00:00]} f2 {[%emt 0:00:00]} 41. a5 {[%emt 0:00:01]} Ke2 {[%emt 0:00:00]} 42. a6 {[%emt 0:00:01]} f1=Q {[%emt 0:00:01] Time (Lag: Av=0.65s, max=1.6s)} 0-1

[Event "Stay Safe Play From Home 340"]
[Site "Emanuel Lasker Arena"]
[Date "2020.07.29"]
[Round "3"]
[White "Trotsky"]
[Black "Mamba2001de"]
[Result "0-1"]
[WhiteElo "1574"]
[BlackElo "1449"]
[Annotator "NA"]
[PlyCount "64"]
[EventDate "2020.07.29"]
[EventType "swiss (blitz)"]

1. d4 {[%emt 0:00:02]} e6 {[%emt 0:00:01]} 2. f3 {[%emt 0:00:01]} Nf6 {[%emt 0:00:01]} 3. c4 {[%emt 0:00:01]} d5 {[%emt 0:00:00]} 4. Nc3 {[%emt 0:00:01]} Be7 {[%emt 0:00:01]} 5. e3 {[%emt 0:00:01]} dxc4 {[%emt 0:00:01]} 6. Bxc4 {[%emt 0:00:01]} O-O {[%emt 0:00:00]} 7. Bd3 {[%emt 0:00:01]} a6 {[%emt 0:00:01]} 8. Bd2 {[%emt 0:00:01]} b5 {[%emt 0:00:01]} 9. Qc2 {[%emt 0:00:01]} Bb7 {[%emt 0:00:01]} 10. O-O-O {[%emt 0:00:02]} b4 {[%emt 0:00:01]} 11. Ne4 {[%emt 0:00:03]} c5 {[%emt 0:00:02]} 12. Bc4 {[%emt 0:00:05]} Nxe4 {[%emt 0:00:04]} 13. h4 {[%emt 0:00:04]} Nf2 {[%emt 0:00:02]} 14. Nh3 {[%emt 0:00:01]} Nxd1 {[%emt 0:00:02]} 15. Kxd1 {[%emt 0:00:04]} Bd5 {[%emt 0:00:01]} 16. Bd3 {[%emt 0:00:01]} g6 {[%emt 0:00:03]} 17. Ng5 {[%emt 0:00:04]} c4 {[%emt 0:00:04]} 18. h5 {[%emt 0:00:03]} cxd3 {[%emt 0:00:02]} 19. Qxd3 {[%emt 0:00:01]} Nc6 {[%emt 0:00:01]} 20. hxg6 {[%emt 0:00:01]} fxg6 {[%emt 0:00:01]} 21. Nxh7 {[%emt 0:00:01]} Bf6 {[%emt 0:00:08]} 22. Qxg6+ {[%emt 0:00:01]} Bg7 {[%emt 0:00:02]} 23. Nf6+ {[%emt 0:00:05]} Qxf6 {[%emt 0:00:01]} 24. Qh7+ {[%emt 0:00:01]} Kf7 {[%emt 0:00:01]} 25. e4 {[%emt 0:00:03]} Bxa2 {[%emt 0:00:04]} 26. e5 {[%emt 0:00:01]} Bb3+ {[%emt 0:00:01]} 27. Kc1 {[%emt 0:00:02]} Nxd4 {[%emt 0:00:06]} 28. exf6 {[%emt 0:00:02]} Kxf6 {[%emt 0:00:01]} 29. Qh4+ {[%emt 0:00:02]} Kf7 {[%emt 0:00:01]} 30. Bg5 {[%emt 0:00:02]} Ne2+ {[%emt 0:00:02]} 31. Kd2 {[%emt 0:00:02]} Nd4 {[%emt 0:00:01]} 32. Re1 {[%emt 0:00:03]} Nf5 {[%emt 0:00:01] Âðåìÿ (Lag: Av=0.29s, max=0.4s) '} 0-1